000 00455nam a22001937a 4500
003 MPLRDC
005 20220104143013.0
008 210129b ||||| |||| 00| 0 eng d
020 _a957-11-0479-5
082 _a520.1 HZ
100 _a黄中著
245 _a中等教育
_c
250 _a初版二刷
260 _a
_b五南图书出版有限公司
_c1992
300 _b
490 _a部编大学用书
650 _a
942 _cBK
_o520.1 HZ
999 _c35682
_d35672